[Event "MI ECAM Lyon"]
[Site "?"]
[Date "2023.04.14"]
[Round "7.1"]
[White "Roshka, Yevgeniy"]
[Black "Martinovici, Ilia"]
[Result "1/2-1/2"]
[WhiteElo "2505"]
[BlackElo "2423"]
[PlyCount "38"]
[EventDate "2023.04.11"]
[SourceDate "2023.04.11"]
[TimeControl "1/40:0"]

1. d4 d5 2. c4 c6 3. Nf3 Nf6 4. cxd5 cxd5 5. Bf4 Nc6 6. Nc3 Bf5 7. e3 e6 8. Bd3
Bxd3 9. Qxd3 Bd6 10. Bxd6 Qxd6 11. O-O O-O 12. Rac1 Rfc8 13. Ne2 Ne7 14. Rxc8+
Rxc8 15. Rc1 Rxc1+ 16. Nxc1 Qc6 17. Ne2 h6 18. Qc3 Qxc3 19. Nxc3 Nc6 1/2-1/2

[Event "MI ECAM Lyon"]
[Site "?"]
[Date "2023.04.14"]
[Round "7.4"]
[White "Ernst, Luca"]
[Black "Prie, Eric"]
[Result "1-0"]
[WhiteElo "2240"]
[BlackElo "2368"]
[PlyCount "93"]
[EventDate "2023.04.11"]
[SourceDate "2023.04.11"]

1. e4 e6 2. d4 d5 3. Nd2 Nc6 4. Ngf3 Nf6 5. e5 Nd7 6. c3 f6 7. Bb5 fxe5 8. dxe5
Be7 9. Nb3 O-O 10. Bxc6 bxc6 11. Nbd4 Nb8 12. O-O c5 13. Ne2 Nd7 14. Re1 Nb6
15. Nf4 a5 16. h3 a4 17. Nh2 Qe8 18. Nf1 Qf7 19. Ng3 Kh8 20. Qg4 Bd7 21. h4 g6
22. h5 gxh5 23. Ngxh5 Rg8 24. Qh3 Rg5 25. Re3 Nc4 26. Rg3 Nxe5 27. Rxg5 Bxg5
28. Qg3 Rg8 29. Ng6+ Rxg6 30. Qxe5+ Bf6 31. Nxf6 Qxf6 32. Qxc7 Qg7 33. Bf4
Rxg2+ 34. Kh1 Qg6 35. Be5+ Kg8 36. Qxd7 Rg5 37. Qd8+ Kf7 38. Qc7+ Ke8 39. Qc6+
Kf7 40. Qb7+ Kg8 41. Qb8+ Kf7 42. Bg3 Qe4+ 43. Kg1 h5 44. Kh2 h4 45. Qf4+ Rf5
46. Qxh4 Qf3 47. Kg1 1-0

[Event "MI ECAM Lyon"]
[Site "?"]
[Date "2023.04.14"]
[Round "7.5"]
[White "Flear, Glenn"]
[Black "Roux, Baptiste"]
[Result "1-0"]
[WhiteElo "2400"]
[BlackElo "2300"]
[PlyCount "101"]
[EventDate "2023.04.11"]
[SourceDate "2023.04.11"]

1. d4 d5 2. c4 dxc4 3. e3 Nf6 4. Bxc4 a6 5. Nf3 b5 6. Bd3 Bb7 7. O-O e6 8. Qe2
Nbd7 9. a4 b4 10. e4 Be7 11. Nbd2 c5 12. e5 Nd5 13. Nb3 cxd4 14. Bd2 Qb6 15. a5
Qa7 16. Rfc1 Nc5 17. Nxc5 Bxc5 18. Rc4 Rc8 19. Rac1 Ne7 20. Ng5 Bd5 21. Qh5 g6
22. Qh6 Bxc4 23. Rxc4 Kd7 24. Qg7 Rhf8 25. Nxh7 Nf5 26. Bxf5 gxf5 27. Nxf8+
Rxf8 28. Rxd4+ Kc6 29. Bxb4 Bxd4 30. Qxf8 Bxe5 31. Qc8+ Kd5 32. Bc3 Bd6 33. h4
Bg3 34. Qd8+ Kc6 35. Bd4 Qb8 36. Qxb8 Bxb8 37. h5 e5 38. Bc3 Bd6 39. h6 Bf8 40.
h7 Bg7 41. Kh2 Kd5 42. Kh3 Ke6 43. Kh4 Bf6+ 44. Kh5 f4 45. f3 Bg7 46. Kg5 Bf6+
47. Kh6 Bh8 48. Bb4 f6 49. Kg6 f5 50. Bf8 e4 51. Bg7 1-0

[Event "MI ECAM Lyon"]
[Site "?"]
[Date "2023.04.15"]
[Round "8.1"]
[White "Bassini, Emile"]
[Black "Degebuadze, Alexandre"]
[Result "1/2-1/2"]
[WhiteElo "2373"]
[BlackElo "2428"]
[Annotator "fabri"]
[PlyCount "78"]
[EventDate "2023.04.11"]
[SourceDate "2023.04.11"]
[TimeControl "1/40:0"]

1. e4 e6 2. d4 d5 3. Nc3 Bb4 4. e5 Ne7 5. a3 Bxc3+ 6. bxc3 c5 7. Qg4 O-O 8. Bd3
Nbc6 9. Bg5 Qa5 10. Ne2 Ng6 11. O-O Qa4 12. f4 b6 13. h4 c4 14. Bxg6 fxg6 15.
f5 gxf5 16. Qg3 Rf7 17. Nf4 Kf8 18. h5 h6 19. Bh4 Kg8 20. Rf2 Bd7 21. Qf3 Qb5
22. Kh2 Qb2 23. Rg1 Raf8 24. g4 fxg4 25. Qxg4 Ne7 26. Bf6 Nf5 27. Rfg2 Rxf6 28.
exf6 Rxf6 29. Ng6 Qxa3 30. Qf4 Be8 31. Nh4 Qf8 32. Nxf5 Rxf5 33. Rxg7+ Qxg7 34.
Rxg7+ Kxg7 35. Qc7+ Bf7 36. Kg3 a5 37. Qxb6 a4 38. Qa7 a3 39. Qxa3 Bxh5 1/2-1/2

[Event "MI ECAM Lyon"]
[Site "?"]
[Date "2023.04.15"]
[Round "8.3"]
[White "Ernst, Luca"]
[Black "Brailly Vignal, Bastien"]
[Result "0-1"]
[WhiteElo "2240"]
[BlackElo "2320"]
[PlyCount "76"]
[EventDate "2023.04.11"]
[SourceDate "2023.04.11"]

1. e4 c5 2. Nf3 d6 3. Bb5+ Nd7 4. d4 Ngf6 5. Bd3 cxd4 6. Nxd4 a6 7. c4 e6 8.
Nc3 b6 9. O-O Bb7 10. b3 Be7 11. Bb2 g5 12. Re1 Rg8 13. Qe2 Ne5 14. a4 g4 15.
f4 gxf3 16. Nxf3 Qc7 17. Kh1 Rg6 18. Nxe5 dxe5 19. Rac1 Ng4 20. a5 Qc5 21. Na4
Nf2+ 22. Kg1 Nxd3+ 23. Nxc5 Bxc5+ 24. Kh1 Nf2+ 25. Qxf2 Bxf2 26. Re2 Bd4 27.
Bxd4 exd4 28. axb6 d3 29. Re3 O-O-O 30. Rd1 f5 31. Rdxd3 Rxd3 32. Rxd3 Bxe4 33.
Rd2 a5 34. c5 Bd5 35. Kg1 Kb7 36. Ra2 Ka6 37. Ra3 Rxg2+ 38. Kf1 Rb2 0-1